| 000 | 00369nam a22001337a 4500 | ||
|---|---|---|---|
| 999 |
_c8183 _d8183 |
||
| 003 | OSt | ||
| 005 | 20200810130754.0 | ||
| 008 | 200810b ||||| |||| 00| 0 eng d | ||
| 020 | _a9789386062901 | ||
| 082 |
_a Flick, Uwe, _b1956- |
||
| 245 | _aIntroducing research methodology : a beginner's guide to doing a research project | ||
| 260 | _bSage publication | ||
| 942 | _2ddc | ||